| 000 | 00434nam a2200193Ia 4500 | ||
|---|---|---|---|
| 005 | 20240823020131.0 | ||
| 008 | 240823s9999||||xx |||||||||||||| ||und|| | ||
| 020 | _a81-237-1687-7 | ||
| 041 | _aENGLISH | ||
| 082 | _A391 P3 | ||
| 100 | _aRoshen Alkazi | ||
| 245 | 0 | _aAncient Indian Costume | |
| 250 | _a1st | ||
| 260 |
_c2003 _bNational Book |
||
| 500 | _aYES | ||
| 650 |
_aGeneral _bGeneral |
||
| 942 | _cBK | ||
| 999 |
_c174039 _d174039 |
||